Nursery Rhymes Slot Machine Quiz Stats

Quiz Updated Jan 9, 2015

Challenge
Share
Tweet
Score 0/42 Timer 04:00
3 Plays Today
% Correct
Hickory Dickory Dock
98.7%
Hickory Dickory Dock
98.7%
Hickory Dickory Dock
98.7%
Itsy Bitsy Spider
98.4%
Itsy Bitsy Spider
98.4%
Itsy Bitsy Spider
98.4%
Three Blind Mice
98%
Three Blind Mice
98%
Three Blind Mice
98%
Little Bo Peep
97.2%
Little Bo Peep
97.2%
Little Bo Peep
97.2%
Hot Cross Buns
96.2%
Hot Cross Buns
96.2%
Hot Cross Buns
96.2%
Ding Dong Bell
95.8%
Ding Dong Bell
95.8%
Ding Dong Bell
95.8%
Hey Diddle Diddle
95.5%
Hey Diddle Diddle
95.5%
Hey Diddle Diddle
95.5%
% Correct
Goosey Goosey Gander
95.4%
Goosey Goosey Gander
95.4%
Goosey Goosey Gander
95.4%
Old Mother Hubbard
95%
Old Mother Hubbard
95%
Old Mother Hubbard
95%
Jack Be Nimble
95%
Jack Be Nimble
95%
Jack Be Nimble
95%
Little Boy Blue
94.9%
Little Boy Blue
94.9%
Little Boy Blue
94.9%
This Little Piggy
94.5%
This Little Piggy
94.5%
This Little Piggy
94.5%
Wee Willie Winkie
94.4%
Wee Willie Winkie
94.4%
Wee Willie Winkie
94.4%
Pat A Cake
93.2%
Pat A Cake
93.2%
Pat A Cake
93.2%

You're not logged in!

Compare scores with friends on all Sporcle quizzes.
Join for Free
OR
Log In

You Might Also Like...

Show Comments

Extras

Top Quizzes Today


Score Distribution

Your Account Isn't Verified!

In order to create a playlist on Sporcle, you need to verify the email address you used during registration. Go to your Sporcle Settings to finish the process.

Report this User

Report this user for behavior that violates our Community Guidelines.

Details: